LEADER 01655nam 2200397Ia 450 001 996387053703316 005 20221108022218.0 035 $a(CKB)4940000000083465 035 $a(EEBO)2248551017 035 $a(OCoLC)19636688 035 $a(EXLCZ)994940000000083465 100 $a19890501d1671 uy | 101 0 $awel 135 $aurbn||||a|bb| 200 12$aY ffydd ddi-ffvant$b[electronic resource] $eadroddiad o helynt y grefydd cristianogol er dechreuad y byd hyd yr oes hon, a phrofiad oi gwirionedd a i rhinwedd = The unfeigned faith : containing a briefe history of the Christian religion from the beginning of the world to this present age, and a proofe of its veritie and efficacie : yr ail-printiad gyd ag anghwanegiad 210 $a[Rhydychen] $cPrinteidig yn Rhydychen gan Hen: Hall, ac a werhir gan lyfrwyr Gwreclam a Llanfyllin, a chan Mr Goff yn Ghaer Fryddyn, a Mr Vertue yn Abergavenny, ac ymhen y bont ar ogur$d1671 215 $a[8], 240, [20] p 300 $aText solely in Welsh. 300 $aDedication signed: Charles Edwardes. 300 $aImperfect: print show-through. 300 $aReproduction of original in the Bodleian Library. 330 $aeebo-0014 606 $aChurch history 606 $aApologetics$vEarly works to 1800 606 $aApologetics$xHistory$y17th century 615 0$aChurch history. 615 0$aApologetics 615 0$aApologetics$xHistory 700 $aEdwards$b Charles$f1627 or 8-1691?$01010033 801 0$bEAG 801 1$bEAG 801 2$bWaOLN 906 $aBOOK 912 $a996387053703316 996 $aY ffydd ddi-ffvant$92367698 997 $aUNISA LEADER 01782nlm 2200301Ia 450 001 996539765403316 005 20230727110932.0 100 $a20081001d1619---- uy 0 101 0 $aeng 102 $aUK 135 $adrcnu 200 1 $aNewes from Bohemia$eAn apologie made by the states of the Kingdome of Bohemia, shewing the reasons why those of the reformed religion were moued to take armes, for the defence of the king and themselues, especially against the dangerous sect of Iesuites. With a plaine declaration, that those who belong unto the monasteries and ecclesiasticall iurisdiction (according unto his Maiesties letters, and agreements made betweene that states of the reformed religion and the Papists) haue good right, as being subjects of the Imperiall Maiestie, to the peaceable exercise of their diuine seruice, and building of churches.$fTranslated out of Dutch into Latine, and thence into English by Will. Philip. 210 1 $aLondon,$cPrinted by George Purslow for Ralph Rounthwaite, and are to bee sold at his Shop, at the Signe of the Flower de luce and Crowne, in Pauls Chruch-yard.$d1619. 215 $aTesto elettronico (PDF) ([33] p.) 230 $aBase dati testuale 300 $aIniziali, copricapo 300 $aAlcune carte tagliate in testa, influenzando il titolo di corsa. 300 $aCopia alla bobina 1540:2 imperfetta: qualche stampa trasparente 300 $aRiproduzioni degli originali nelle in: British Library (1540:2); Folger Shakespeare Library (2291:6a). 606 0 $aChiesa cattolica romana$yBoemia$2BNCF 676 $a270.6 701 1$aPHILLIP,$bWilliam$01001582 801 0$aIT$bcba$cREICAT 912 $a996539765403316 959 $aEB 969 $aER 996 $aNewes from Bohemia$93402912 997 $aUNISA